| 000 | 00605nam a2200181 4500 | ||
|---|---|---|---|
| 001 | 148074 | ||
| 003 | ES-MaACL | ||
| 005 | 20230906202420.0 | ||
| 007 | t| | ||
| 008 | 070214s1977 cl r ||||1| spa d | ||
| 100 | 1 |
_aSquella Narducci, Agustín. _9107821 |
|
| 245 | 1 | 0 |
_aDerecho, desobediencia y justicia / _cAgustín Squella Narducci. |
| 260 |
_aValparaíso (Chile) : _bUniversidad de Chile. Departamento de Ciencias Jurídicas, _c1977. |
||
| 300 |
_aXXXI, 406 p. ; _c22 cm. |
||
| 710 | 0 | 0 |
_aUniversidad de Chile. _97162 |
| 852 |
_aES-MaACL _jA-8007 _bR.96874 |
||
| 852 |
_aES-MaACL _jA-10608 _bR.99746 |
||
| 999 |
_c148074 _d148074 |
||